| 000 | 01496 a2200217 4500 | ||
|---|---|---|---|
| 001 | 27542 | ||
| 005 | 20260407155550.0 | ||
| 008 | 260407a2010 arg spa d | ||
| 003 | AR-UNSa-BCEJYS | ||
| 040 |
_aAR-UNSa-BCEJYS _bspa _cAR-UNSa-BCEJYS |
||
| 080 |
_a330.354 _xFactores que determinan el crecimiento económico |
||
| 245 | 1 | 0 |
_aPromoción y radicación de inversiones para el desarrollo de la producción y el empleo _ppolíticas públicas para la Provincia de Buenos Aires |
| 020 | _a978-987-1635-18-4 | ||
| 264 | 1 |
_aBuenos Aires : _bUniversidad Nacional de La Matanza _c2010 |
|
| 300 |
_a345 p. _c21 cm. |
||
| 505 | _a1. Panorama global de la inversión extranjera directa (IED) - 2. Aspectos fiscales de la promoción y radicación de inversiones en la Provincia de Buenos Aires: una investigación cuantitativa - 3. Análisis teórico y relevamiento de mecanismos provinciales para la promoción de exportaciones - 4. La promoción de exportaciones como fomento para la radicación de inversiones; análisis comparado internacional, y propuestas para la Provincia de Buenos Aires - 5. Pymes en la Provincia de Buenos Aires: financiamiento de las inversiones, instrumentos, debilidades y fortalezas | ||
| 942 | _cBK | ||
| 590 | _aniveau_biblio:m niveau_hierar:0 | ||
| 100 | 1 | _aMartínez, Daniel | |
| 856 | 4 | 1 |
_uhttps://biblioeco.unsa.edu.ar/pmb/images/libros/Promoci?n radicaci?n de inversiones para el desarrollo de la producci?n y el empleo-l118603.jpg _yImagen de portada _qimage/jpeg |
| 999 |
_c1604 _d1604 |
||